000 00445nam a2200169 a 4500
001 0000-9290
003 ELIB.Books
008 110520 1966
035 _a(ELIB.Books)0000-9442
082 _a220
_bMea
100 _aMears, Henrietta C.
245 _aWhat the Bible is All About
260 _bMinnesota: Billy Graham Evangelistic Association
_c1966
650 _aBible
942 _2ddc
_cBK
998 _cbat
_e2011-05-20
999 _c9290
_d9290